Datum a čas kvízu
22
Celkem bodů
Celkový počet nahraných bodů na tomto kvízu bez doplňovacích otázek.
5.
Pořadí na kvízu
Konečné umístění týmu na tomto kvízu.
Zaznamenané odpovědi
| # | Otázka | Odpověď | Body | Výsledky |
|---|---|---|---|---|
| 1. | Tramvaje Dopravního podniku hl... | NATO | 1 | |
| 2. | Dvaaosmdesátiletý prezident Ab... | Alžírsko | 0 | |
| 3. | Ve finské Heinole se koná MS v... | Žár | 0 | |
| 4. | Od 11. do 17. března proběhl n... | Týden mozku | 0 | |
| 5. | Po odvetách, které se hrály mi... | Ajax Amsterdam, Juventus Turín | 0.5 | |
| 1. | Začneme seriály Breaking Bad (... | metamfetamin | 1 | |
| 2. | Hlavní postava seriálu Ve jmén... | Írán | 1 | |
| 3. | Jak se nazývá velké anglické m... | Birmingham | 0 | |
| 4. | Herečku Robin Wrightovou, jedn... | Forrest Gump | 0 | |
| 5. | Jak se jmenuje český herec, da... | Aleš Háma | 1 |